[Event "56.SMM B Sparkasse Team-J.Richter/L. 2"]
[Site "?"]
[Date "2025.03.08"]
[Round "9.3"]
[White "Pardeller, Artur"]
[Black "Ratschiller, Manuel"]
[Result "0-1"]
[WhiteElo "1786"]
[BlackElo "1713"]
[PlyCount "54"]
[EventDate "2025.??.??"]

{[%evp 0,54,19,19,23,-4,-3,-3,46,44,115,79,65,44,45,45,19,13,40,36,36,20,20,14,47,16,16,-93,-87,-158,-162,-515,-486,-596,-529,-576,-605,-597,-596,-688,-686,-690,-690,-692,-694,-705,-680,-690,-652,-702,-709,-790,-790,-861,-862,-917,-812]} 1. d4 d5 2. c4 e6 3. Nc3 c6 4. Nf3 f5 5. e3 Nf6 6. a3 Bd6 7. Bd2 O-O 8. Be2 Qe7 9. O-O Nbd7 10. c5 Bc7 11. b4 b6 12. Qa4 Bb7 13. Ba6 b5 14. Bxb5 cxb5 15. Nxb5 Bc6 16. Ne5 Bxe5 17. dxe5 Ne4 18. Rfd1 a6 19. Be1 axb5 20. Qb3 Nxe5 21. f3 Nf6 22. Bg3 Nfd7 23. Qb2 Qf6 24. Rd4 Nc4 25. Qb3 Ra4 26. Be1 Rfa8 27. Bc3 Qh6 0-1

[Event "56.SMM B ASD Arci Scacchi 2-Steinegg/Rk"]
[Site "Nova Ponente"]
[Date "2025.03.08"]
[Round "9.2"]
[White "Rinaldo, Gaetano"]
[Black "Pichler, Martin"]
[Result "0-1"]
[WhiteElo "1791"]
[BlackElo "1930"]
[PlyCount "130"]
[EventDate "2025.??.??"]

{[%evp 0,130,19,29,71,18,19,7,-2,1,13,-4,25,-11,4,-2,-3,-13,0,-6,9,4,21,-30,-30,-51,-26,-126,31,12,6,-22,-11,-31,-32,-29,7,25,40,2,18,-9,-9,-11,17,8,31,24,15,10,10,-7,-4,6,39,26,62,59,37,37,48,67,80,80,77,50,50,56,51,53,140,58,69,4,0,0,13,24,16,17,5,5,21,7,12,12,1,0,0,0,0,-9,7,-12,4,6,4,5,10,13,13,11,-1,0,21,21,31,0,52,0,0,0,0,-50,-49,-58,-61,-74,-71,-71,-69,-285,-307,-307,-250,-389,-402,-614,-896,-1092,-1116,-1130,-575]} 1. Nf3 g6 2. g3 Bg7 3. Bg2 Nf6 4. c4 d6 5. h3 O-O 6. O-O Nc6 7. Nc3 e5 8. d3 h6 9. Rb1 Be6 10. b4 e4 11. Nd2 exd3 12. exd3 Qd7 13. Nde4 Kh7 14. Nxf6+ Bxf6 15. Ne4 Bg7 16. Kh2 f5 17. Nd2 Rae8 18. b5 Nd8 19. Nf3 b6 20. Be3 c5 21. Qc2 Qc7 22. Rbd1 d5 23. Bf4 Qf7 24. Rc1 dxc4 25. dxc4 Nb7 26. Rfe1 Rd8 27. Be5 Nd6 28. Bxg7 Kxg7 29. Ne5 Qf6 30. f4 Rfe8 31. Bc6 Re7 32. Rcd1 Nf7 33. Rxd8 Nxd8 34. Bg2 Bg8 35. Rd1 Ne6 36. Bd5 Nd4 37. Qg2 Qd6 38. Bxg8 Kxg8 39. Qd5+ Qxd5 40. cxd5 Kg7 41. d6 Re6 42. d7 Rd6 43. Kg2 Kf6 44. Kf2 Ke7 45. a4 g5 46. Rd2 Nxb5 47. d8=Q+ Kxd8 48. Nf7+ Ke7 49. Nxd6 Nxd6 50. Re2+ Ne4+ 51. Kf3 Kf6 52. Rc2 gxf4 53. Kxf4 Nd6 54. a5 c4 55. axb6 axb6 56. Ke3 Ke5 57. Rb2 b5 58. Rb1 Kd5 59. g4 Kc5 60. Kf4 fxg4 61. hxg4 c3 62. Ke5 b4 63. Rd1 Nc4+ 64. Ke4 b3 65. Kd3 Nb2+ 0-1

[Event "56.SMM B ASD Arci Scacchi 2-Steinegg/Rk"]
[Site "?"]
[Date "2025.03.08"]
[Round "9.3"]
[White "Engl, Alexander"]
[Black "Pichler, Klaus"]
[Result "0-1"]
[WhiteElo "1906"]
[BlackElo "1818"]
[PlyCount "88"]
[EventDate "2025.??.??"]
[SourceVersionDate "2025.03.13"]

{[%evp 0,88,14,-13,15,1,-2,-10,-10,-10,-10,-14,-5,0,-10,-31,-4,-39,-40,-46,-31,-55,-48,-78,-78,-81,-81,-72,-58,-62,-1,16,13,-99,-65,-109,-91,-335,-335,-401,-192,-271,-225,-233,-356,-356,-378,-319,-319,-352,-306,-289,-296,-491,-491,-483,-548,-353,-353,-419,-332,-317,-301,-301,-310,-332,-303,-389,-382,-413,-345,-367,-356,-356,-268,-267,-272,-270,19,-202,23,-436,101,9,9,-182,16,-352,89,0,38]} 1. f4 b6 2. Nf3 Bb7 3. g3 e6 4. Bg2 Nf6 5. O-O c5 6. d3 d5 7. c3 Qc7 8. Qc2 Nbd7 9. a4 a6 10. h3 Bd6 11. Nbd2 Nh5 12. Kh2 e5 13. e3 h6 14. Nh4 g5 15. Nf5 exf4 16. Nxd6+ Qxd6 17. gxf4 gxf4 18. Kg1 fxe3 19. Nf3 Nf4 20. Bxe3 Nxg2 21. Qxg2 O-O-O 22. Qh2 Qg6+ 23. Kf2 d4 24. cxd4 Qxd3 25. Rad1 Qb3 26. Rd2 Nf6 27. Qf4 Ne4+ 28. Ke1 Nxd2 29. Nxd2 Qd3 30. Qf5+ Qxf5 31. Rxf5 cxd4 32. Bf4 Bd5 33. Be5 Rhe8 34. Kf2 Be6 35. Rh5 Rd5 36. Nc4 Red8 37. Nxb6+ Kb7 38. Nxd5 Bxd5 39. Ke2 f6 40. Rxh6 Kc6 41. b4 Bb3 42. a5 Bc4+ 43. Ke1 Rc8 44. Kd1 d3 0-1

[Event "56.SMM B Ridnaun/Sterzing-ASD Arci BZ 3"]
[Site "?"]
[Date "2025.03.08"]
[Round "9.1"]
[White "Puechler, Ruben"]
[Black "Pierini, Edoardo"]
[Result "0-1"]
[WhiteElo "1797"]
[BlackElo "1899"]
[PlyCount "76"]
[SourceVersionDate "2025.03.18"]

1. e4 c5 2. Nf3 e6 3. d4 cxd4 4. Nxd4 a6 5. Bd3 Qc7 6. O-O Nf6 7. Qe2 d6 8. c4 Nbd7 9. Nc3 b6 10. Nd5 Nxd5 11. exd5 e5 12. Bg5 Nc5 13. Bf5 Be7 14. Bxe7 Qxe7 15. Nc6 Qc7 16. Bxc8 Rxc8 17. b4 Nb7 18. f4 f6 19. fxe5 dxe5 20. Qh5+ Qf7 21. Qxf7+ Kxf7 22. Nxe5+ Ke7 23. Nc6+ Kd6 24. Rfe1 Rhe8 25. Kf2 Ra8 26. Nd4 g6 27. Rac1 b5 28. Ne6 bxc4 29. Rxc4 Rac8 30. Rxc8 Rxc8 31. Nf4 Rc2+ 32. Kf3 Nd8 33. Re8 Kd7 34. Re2 Rc4 35. Nd3 Kd6 36. Re4 Rc2 37. Re8 Nf7 38. Ke4 Re2+ 0-1

[Event "56.SMM B Ridnaun/Sterzing-ASD Arci BZ 3"]
[Site "?"]
[Date "2025.03.08"]
[Round "9.2"]
[White "Sparber, Werner"]
[Black "Addante, Francesco"]
[Result "1/2-1/2"]
[WhiteElo "1825"]
[BlackElo "1805"]
[PlyCount "55"]
[SourceVersionDate "2025.03.18"]

1. d4 e6 2. c4 b6 3. e4 Bb7 4. Nc3 Bb4 5. Bd3 f5 6. Qe2 Nf6 7. f3 O-O 8. Bg5 h6 9. Bh4 g5 10. Bf2 fxe4 11. fxe4 d5 12. cxd5 exd5 13. e5 Ne4 14. Bxe4 dxe4 15. Qc4+ Kh8 16. Qe6 Kg7 17. h4 Rxf2 18. Kxf2 Qxd4+ 19. Kf1 Ba6+ 20. Nge2 Nd7 21. Ke1 Bxe2 22. hxg5 Bxc3+ 23. bxc3 Qxc3+ 24. Kxe2 Qb2+ 25. Ke3 Qc3+ 26. Ke2 Qb2+ 27. Ke3 Qc3+ 28. Ke2 1/2-1/2

[Event "56.SMM B SSV Naturns-Klausen/Rk 2"]
[Site "?"]
[Date "2025.03.08"]
[Round "9.2"]
[White "Gurschler, Gregor"]
[Black "Gafriller, Alexander"]
[Result "1/2-1/2"]
[WhiteElo "1833"]
[BlackElo "1653"]
[PlyCount "67"]
[EventDate "2025.??.??"]

{[%evp 0,67,31,13,20,7,22,-19,-7,-3,6,5,5,-5,13,-10,-7,-9,-10,-6,-12,-14,5,-11,31,2,-1,-4,0,5,191,9,17,8,21,21,24,24,9,22,139,55,76,69,80,67,110,83,100,92,122,96,106,125,144,99,77,52,65,75,102,60,103,88,186,13,13,21,18,30]} 1. d4 d5 2. Nf3 Nf6 3. Nbd2 e6 4. e3 Be7 5. Bd3 O-O 6. c3 b6 7. b3 Bb7 8. Bb2 Nbd7 9. Qc2 Rc8 10. O-O g6 11. Rac1 a6 12. c4 c5 13. dxc5 Nxc5 14. Be2 Nfe4 15. Qb1 Nxd2 16. Nxd2 dxc4 17. Nxc4 Be4 18. Qa1 b5 19. Rfd1 Qc7 20. Nd2 Qb7 21. Nxe4 Qxe4 22. Bd4 Qf5 23. Qb2 Bh4 24. g3 Be7 25. f3 Nd7 26. e4 Qh3 27. Bf1 Qh6 28. Rc2 Rxc2 29. Qxc2 Bf6 30. Qc3 Bxd4+ 31. Qxd4 Rc8 32. Qd2 Qxd2 33. Rxd2 Ne5 34. Be2 1/2-1/2

[Event "56.SMM B SSV Naturns-Klausen/Rk 2"]
[Site "?"]
[Date "2025.03.08"]
[Round "9.5"]
[White "Steger, Andreas"]
[Black "Wielander, Wolfgang"]
[Result "1/2-1/2"]
[WhiteElo "1672"]
[BlackElo "1706"]
[PlyCount "35"]
[EventDate "2025.??.??"]

{[%evp 0,35,31,22,29,-14,3,-7,-11,-22,17,25,36,26,26,39,37,50,49,53,55,64,69,39,41,-40,-4,-2,28,25,10,11,16,9,18,-6,-20,-36]} 1. d4 d5 2. c4 e6 3. Nc3 Nf6 4. Bf4 a6 5. e3 Be7 6. Bd3 O-O 7. Nge2 Nbd7 8. cxd5 exd5 9. O-O Re8 10. Rc1 c6 11. Bg3 Nf8 12. f4 Ng4 13. Rf3 Bh4 14. Qe1 Bxg3 15. Qxg3 f5 16. h3 Nf6 17. Re1 Be6 18. Nc1 1/2-1/2